00387nam a22001337a 450000500170000000800410001704100120005808200150007010000120008524500550009726000460015230000300019865000250022820240910081656.0240910b |||||||| |||| 00| 0 eng d aEnglish a346.7 MAR  lEnglish aThe Law of Insolvency in South Africa /cHE Hockly aCape Town: bJuta and Company Ltd, c1968 blix, 709 pages; c26 cm.  aLegal practice bLaw